000 00457nam a2200169 i 4500
001 19519
003 ES-MaACL
005 20241119124450.0
007 t|
008 021002s1977 sp ||||1| spa d
100 1 _aAbad Nebot, Francisco,
_d1948-
_917931
245 1 3 _aEl signo literario /
_cFrancisco Abad Nebot.
260 _a[Madrid] :
_bAdaf,
_c[1977]
300 _a260 p. ;
_c18 cm.
852 _aES-MaACL
_jA-7001
_bR.95666
999 _c19519
_d19519